Score 0/20 Timer 10:00
0 Plays Today
Hint Character % Correct
SAU_ _ _ Sauron
99.3%
_ ALAD_ _ _ LGaladriel
97.3%
FA_ AM_ _ Faramir
95.2%
A_ A_ _ _ _ Aragorn
91.8%
A_ W_ _ Arwen
91.8%
D_ _ _ TH_ _Denethor
91.2%
_ S_ LDU_ Isildur
91.2%
DA_ _ Dain
89.8%
B_ _ _ M_ _ Boromir
89.1%
BAL_ _ Balin
89.1%
Hint Character % Correct
TH_ _ D_ _ Theoden
86.4%
_ _ WY_ Eowyn
86.4%
_ _ ML_Gimli
83.7%
_ L_ _ _ DElrond
83%
TH_ _ _ _ Thorin
81.6%
_ _ _ MAGrima
75.5%
FU_ D_ _ Fundin
72.8%
_ L_ _ _ Gloin
57.8%
_ _ M_ _Eomer
56.5%
_ A_ _ Nain
36.1%
Remove Ads.
Support Sporcle.
Get the best of Sporcle when you Go Orange. This ad-free experience offers more features, more stats, and more fun while also helping to support Sporcle. Thank you for becoming a member.

You're not logged in!

Compare scores with friends on all Sporcle quizzes.
OR
Log In

Show Comments

Extras

Created Dec 19, 2018ReportNominate
Tags:Lord of the Rings Quiz, LOTR

Top Quizzes Today


Score Distribution

Your Account Isn't Verified!

In order to create a playlist on Sporcle, you need to verify the email address you used during registration. Go to your Sporcle Settings to finish the process.

Report this User

Report this user for behavior that violates our Community Guidelines.

Details: